Recovery position (Record no. 80255)
[ view plain ]
| 000 -LEADER | |
|---|---|
| fixed length control field | 01339cab a22002295a 4500 |
| 001 - CONTROL NUMBER | |
| control field | L143717 |
| 008 - FIXED-LENGTH DATA ELEMENTS--GENERAL INFORMATION | |
| fixed length control field | 080528e20080524xxk f 000 0 eng d |
| 035 ## - SYSTEM CONTROL NUMBER | |
| System control number | (Sirsi) u143717 |
| 041 0# - LANGUAGE CODE | |
| Language code of text/sound track or separate title | eng |
| 100 1# - MAIN ENTRY--PERSONAL NAME | |
| Personal name | Cartwright, Cassandra |
| 245 00 - TITLE STATEMENT | |
| Title | Recovery position |
| 260 ## - PUBLICATION, DISTRIBUTION, ETC. | |
| Date of publication, distribution, etc. | 2008 |
| 490 ## - SERIES STATEMENT | |
| Series statement | Estates Gazette |
| Volume/sequential designation | (0820) 24 May 2008, 130-131(2) |
| 520 ## - SUMMARY, ETC. | |
| Summary, etc. | Second of two articles considers the merits of including a non-invalidation clause in commercial property insurance policies. Such a clause adds to the insurance cost and covers landlords against unwitting invalidation of their policy. Tenants whose landlords hold this clause may seek to protect themselves from action by insurance companies by requesting a waiver of subrogation letter. Examines the doctrine of frustration's application to properties destroyed by fire. Considers who should insure when sale contracts are exchanged. Questions whether landlords can retain earned commission when arranging insurance, and relevant RICS codes. Also considers new and changing risks. (See L143479.) |
| 590 ## - LOCAL NOTE (RLIN) | |
| Local note | KA |
| 650 24 - SUBJECT ADDED ENTRY--TOPICAL TERM | |
| Topical term or geographic name entry element | MARK ROWLANDS LTD V BERNI INNS LTD |
| 650 24 - SUBJECT ADDED ENTRY--TOPICAL TERM | |
| Topical term or geographic name entry element | NATIONAL CARRIERS LTD V PANALPINA (NORTHERN) LTD |
| 650 24 - SUBJECT ADDED ENTRY--TOPICAL TERM | |
| Topical term or geographic name entry element | LAW OF PROPERTY ACT 1925 S47 |
| 651 #4 - SUBJECT ADDED ENTRY--GEOGRAPHIC NAME | |
| Geographic name | United Kingdom |
| Chronological subdivision | |
| 690 ## - LOCAL SUBJECT ADDED ENTRY--TOPICAL TERM (OCLC, RLIN) | |
| Topical term or geographic name as entry element | MANAGEMENT-BUSINESS MANAGEMENT-INSURANCE |
| 942 ## - ADDED ENTRY ELEMENTS (KOHA) | |
| Suppress in OPAC | 0 |
| Withdrawn status | Lost status | Source of classification or shelving scheme | Damaged status | Not for loan | Home library | Current library | Shelving location | Date acquired | Total Checkouts | Full call number | Barcode | Date last seen | Copy number | Price effective from | Koha item type |
|---|---|---|---|---|---|---|---|---|---|---|---|---|---|---|---|
| Dewey Decimal Classification | London | London | Journal article | 28/05/2008 | L143717 | 143717-1001 | 06/08/2019 | 1 | 06/08/2019 | Journal article |